Datum a čas kvízu

39 Celkem bodů Celkový počet nahraných bodů na tomto kvízu bez doplňovacích otázek.
2. Pořadí na kvízu Konečné umístění týmu na tomto kvízu.

Zaznamenané odpovědi

# Otázka Odpověď Body Výsledky
1. Minulý týden jsme sledovali po... v Turecku 1
2. Parlamentní volby v Maďarsku s... TISZA 1
3. Kterému rapperovi byl zakázán... Kanyemu Westovi 1
4. Kterému živočichovi, jenž pomá... A 1
5. Ze soboty na neděli se v Miami... Carlos Ulberg 1
6. Vaším prvním úkolem v dnešním... 1D 2A 3C 4B 0
7. Poznejte gangsterku dle stručn... Dannyho parťáci (Ocean's Eleven) 1
8. Bud Spencer a Terence Hill spo... v Itálii 1
9. Gangster, na kterého se ptáme,... Jabba Hutt 1
10. Uveďte jméno i příjmení postav... John Wick 1